000
00468nam a2200157Ia 4500
005
20260121165312.0
008
260121s9999 xx 000 0 und d
041
_a
mar
082
_a
920.72
100
_a
कुलकर्णी, सविता
245
_a
साध्वी सावित्रीबाई फुले
250
_a
1
260
_b
भारतीय विचार साधना पुणे
_c
2024
300
_a
22
650
_a
Genral
999
_c
369994
_d
369994